[Event "4NCL Online Division 5"]
[Site "online"]
[Date "2021.10.19"]
[EventDate "2021.10.19"]
[Round "5.84"]
[White "Hill, Ollie"]
[WhiteElo "1724"]
[WhiteTeam "Hebden Bridge 2"]
[Black "Yordanov, Denislav"]
[BlackElo "1390"]
[BlackTeam "Streatham C"]
[Result "1-0"]
[PlyCount "67"]

1. d4 d5 2. c4 e6 3. Nc3 Nf6 4. cxd5 Nxd5 5. e4 Nxc3 6. bxc3 c5 7. Nf3 Nc6 8. Bg5 f6 9. Be3 Qa5 10. Qc2 b5 11. Be2 a6 12. O-O b4 13. d5 Ne7 14. c4 e5 15. Rfd1 f5 16. Nxe5 fxe4 17. d6 Nf5 18. Bh5+ g6 19. Nxg6 hxg6 20. Bxg6+ Kd8 21. Bg5+ Ne7 22. dxe7+ Kc7 23. e8=Q Qb6 24. Qe5+ Bd6 25. Bd8+ Rxd8 26. Rxd6 Rxd6 27. Rd1 Bb7 28. Qe7+ Kb8 29. Qxd6+ Ka7 30. Qxb6+ Kxb6 31. Bxe4 Bxe4 32. Qxe4 Rb8 33. Rd6+ Kc7 34. Qc6# 1-0

[Event "4NCL Online Division 5"]
[Site "online"]
[Date "2021.10.19"]
[EventDate "2021.10.19"]
[Round "5.91"]
[White "Leeson, Chris J P"]
[WhiteElo "1732"]
[WhiteTeam "Wessex Some Stars F"]
[Black "Baig, Huzaifa"]
[BlackElo "1339"]
[BlackTeam "Colchester JFF B"]
[Result "0-1"]
[PlyCount "78"]

1. d4 d5 2. e3 c6 3. Bd3 Nf6 4. Nd2 Nbd7 5. f4 e6 6. Ngf3 Bd6 7. Ne5 h6 8. Qf3 c5 9. c3 Qc7 10. O-O O-O 11. g4 g6 12. h4 c4 13. Bc2 h5 14. gxh5 Nxh5 15. Qg4 Ng7 16. Ndf3 Nf6 17. Qg5 Nf5 18. Bxf5 exf5 19. Qh6 Ng4 20. Nxg4 fxg4 21. Ng5 f6 22. Qxg6+ Qg7 23. Qxg7+ Kxg7 24. Nf3 gxf3 25. Rxf3 Kf7 26. Bd2 Rh8 27. Be1 Bf5 28. Bg3 Be4 29. Rf2 Rag8 30. Kh2 f5 31. b3 b5 32. bxc4 bxc4 33. a4 Be7 34. Kh3 Rb8 35. Raa2 Rb3 36. Rab2 Rhb8 37. Rxb3 Rxb3 38. Ra2 Rxc3 39. Rb2 Rb3 0-1

[Event "4NCL Online Division 5"]
[Site "online"]
[Date "2021.10.19"]
[EventDate "2021.10.19"]
[Round "5.92"]
[White "Catabay, Rezin C"]
[WhiteElo "1347"]
[WhiteTeam "Colchester JFF B"]
[Black "Davenport, Robert"]
[BlackElo "1660"]
[BlackTeam "Wessex Some Stars F"]
[Result "1-0"]
[PlyCount "81"]

1. e4 g6 2. d4 Bg7 3. Nf3 d6 4. Be2 Nd7 5. Bf4 e5 6. dxe5 dxe5 7. Bg3 Qe7 8. O-O Ngf6 9. Nc3 O-O 10. Bb5 c6 11. Bc4 h6 12. Qd2 b5 13. Bb3 b4 14. Ne2 Nxe4 15. Qe3 Nxg3 16. Nxg3 Kh7 17. Qe4 Bb7 18. Rad1 Nc5 19. Qxb4 Rfe8 20. Bxf7 Rf8 21. Bb3 Rab8 22. Qc3 Rbe8 23. Qe3 Nxb3 24. axb3 c5 25. Nd2 Qc7 26. Nde4 Rd8 27. Nxc5 Qe7 28. Rxd8 Rxd8 29. Nxb7 Qxb7 30. Ne4 Qc7 31. Nc5 Qe7 32. f4 e4 33. c3 Re8 34. Re1 h5 35. Nxe4 Kh8 36. Kf2 Bh6 37. Qd4+ Bg7 38. Qe3 Bh6 39. Ng5 Bxg5 40. fxg5 Qf7+ 41. Qf3 1-0

[Event "4NCL Online Division 5"]
[Site "online"]
[Date "2021.10.19"]
[EventDate "2021.10.19"]
[Round "5.93"]
[White "Blanden, Edward"]
[WhiteElo "1657"]
[WhiteTeam "Wessex Some Stars F"]
[Black "Shiva, Shrishti"]
[BlackElo "1342"]
[BlackTeam "Colchester JFF B"]
[Result "1-0"]
[PlyCount "77"]

1. c4 e5 2. g3 Bc5 3. Bg2 d6 4. Nc3 Nf6 5. Nf3 Nc6 6. O-O h6 7. e3 O-O 8. d4 exd4 9. exd4 Bb6 10. h3 Bf5 11. a3 a6 12. b4 Qd7 13. Kh2 Rfe8 14. c5 dxc5 15. dxc5 Qxd1 16. Rxd1 Ba7 17. Bf4 Rac8 18. g4 Bg6 19. Nh4 Bc2 20. Rd2 Bb3 21. Nf5 Kh7 22. Rb1 Be6 23. Nd4 Nxd4 24. Rxd4 c6 25. Rbd1 g5 26. Bg3 Bb8 27. Bxb8 Rxb8 28. f4 Bb3 29. Rb1 Bc2 30. Rb2 Nxg4+ 31. hxg4 Bg6 32. f5 Re3 33. fxg6+ Kxg6 34. Rd6+ Kg7 35. Nb1 Rh8 36. Kg1 Rg3 37. Rd4 h5 38. gxh5 Rxh5 39. Kf2 1-0

[Event "4NCL Online Division 5"]
[Site "online"]
[Date "2021.10.19"]
[EventDate "2021.10.19"]
[Round "5.94"]
[White "Balaggan, Karam S"]
[WhiteElo "1315"]
[WhiteTeam "Colchester JFF B"]
[Black "Hillman, Graham"]
[BlackElo "1631"]
[BlackTeam "Wessex Some Stars F"]
[Result "0-1"]
[PlyCount "90"]

1. e4 g6 2. d4 Bg7 3. Nf3 d6 4. Be3 Nc6 5. c4 Bg4 6. Nc3 Bxf3 7. gxf3 a6 8. Bd3 Nxd4 9. Bxd4 Bxd4 10. Qc2 Bg7 11. O-O-O e5 12. h4 Nf6 13. Rdg1 h5 14. Qd2 Bh6 15. Rg5 Nh7 16. Rxe5+ dxe5 17. Qxh6 Qxd3 18. Qg7 O-O-O 19. Qxe5 Qxc4 20. Qh2 Rhe8 21. Qh3+ Kb8 22. Qf1 Qxf1+ 23. Rxf1 Nf6 24. Rg1 Rd3 25. Rg3 Re6 26. Kc2 Rd8 27. Kb3 Rd2 28. a3 Rxf2 29. Ka2 Rc6 30. Kb3 Rb6+ 31. Kc4 Rbxb2 32. e5 Nd7 33. e6 fxe6 34. Rxg6 Ne5+ 35. Kd4 Nxg6 36. Ne4 Rxf3 37. Ng5 e5+ 38. Ke4 Rf4+ 39. Kd5 Rb6 40. Ne6 Rxe6 41. Kxe6 e4 42. Kd5 e3 43. Kc5 e2 44. Kd5 e1=Q 45. Kc5 Qe5# 0-1

[Event "4NCL Online Division 5"]
[Site "online"]
[Date "2021.10.19"]
[EventDate "2021.10.19"]
[Round "5.101"]
[White "Kosznik, Dariusz"]
[WhiteElo "1867"]
[WhiteTeam "Dundee City C"]
[Black "Ash, Thomas"]
[BlackElo "1700"]
[BlackTeam "Downend 2"]
[Result "1-0"]
[PlyCount "93"]

1. e4 c5 2. Nf3 d6 3. c3 Nf6 4. Be2 e5 5. O-O Be7 6. d3 O-O 7. Nbd2 Nc6 8. a4 a6 9. Nc4 h6 10. h3 Be6 11. Ne3 Rb8 12. Nf5 Bxf5 13. exf5 d5 14. Re1 Re8 15. Bf1 Bd6 16. Nh2 Qd7 17. g4 e4 18. dxe4 Nxe4 19. Nf3 Nf6 20. Be3 Ne5 21. Bg2 b6 22. Qe2 Nc4 23. b3 Nxe3 24. fxe3 Bg3 25. Red1 Ne4 26. Qd3 Rbd8 27. Ra2 Qe7 28. Re2 Qf6 29. Rc2 h5 30. b4 hxg4 31. hxg4 Qh6 32. Re2 a5 33. bxa5 bxa5 34. Qc2 Be5 35. Nxe5 Rxe5 36. Bxe4 Rxe4 37. Qxe4 dxe4 38. Rxd8+ Kh7 39. Rh2 Qxh2+ 40. Kxh2 Kh6 41. Kg3 Kg5 42. Rd5 Kf6 43. Rxc5 g6 44. fxg6 Kxg6 45. Kf4 Kf6 46. Rxa5 Ke6 47. Rb5 1-0

[Event "4NCL Online Division 5"]
[Site "online"]
[Date "2021.10.19"]
[EventDate "2021.10.19"]
[Round "5.102"]
[White "Brown, Keanu"]
[WhiteElo "1400"]
[WhiteTeam "Downend 2"]
[Black "Mooney, Graham"]
[BlackTitle "CM"]
[BlackElo "1880"]
[BlackTeam "Dundee City C"]
[Result "0-1"]
[PlyCount "90"]

1. e4 c5 2. Nc3 Nc6 3. Bb5 d6 4. Bxc6+ bxc6 5. Nf3 Bg4 6. d3 g6 7. h3 Bd7 8. Be3 Bg7 9. Qd2 Rb8 10. b3 Qa5 11. d4 Rd8 12. Rd1 Qb4 13. O-O cxd4 14. Nxd4 c5 15. Nd5 Qxd2 16. Nc7+ Kf8 17. Rxd2 cxd4 18. Bxd4 Bxd4 19. Rxd4 Rc8 20. Rc4 Kg7 21. Rd1 Nf6 22. Rdd4 h5 23. f4 Ne8 24. Nd5 Rxc4 25. Rxc4 e6 26. Nc7 Nf6 27. a4 d5 28. exd5 exd5 29. Rd4 Bf5 30. c4 dxc4 31. Rxc4 Rd8 32. a5 Rd2 33. Nb5 Ne4 34. Rc1 h4 35. Nxa7 Rb2 36. a6 Ng3 37. Kh2 Be4 38. Rg1 Rxb3 39. Nc8 Ra3 40. a7 Bb7 41. Nd6 Rxa7 42. Rb1 Bd5 43. Rd1 Ba8 44. Kg1 Ra2 45. Ne8+ Kh6 0-1

[Event "4NCL Online Division 5"]
[Site "online"]
[Date "2021.10.19"]
[EventDate "2021.10.19"]
[Round "5.103"]
[White "Anderson, James"]
[WhiteElo "1630"]
[WhiteTeam "Dundee City C"]
[Black "Bleeg, Elliott"]
[BlackElo "1314"]
[BlackTeam "Downend 2"]
[Result "1-0"]
[PlyCount "100"]

1. d4 d5 2. Bg5 Nf6 3. Bxf6 exf6 4. e3 c5 5. c3 Be6 6. Bd3 Nc6 7. a3 Be7 8. Nd2 O-O 9. Ne2 Qb6 10. Rb1 Rfd8 11. O-O Rac8 12. Nf4 c4 13. Bc2 Qc7 14. Re1 Bd6 15. g3 Qd7 16. Qe2 Bg4 17. f3 Bxf4 18. exf4 Bh3 19. Qf2 Re8 20. Rxe8+ Rxe8 21. Re1 Re6 22. Rxe6 Qxe6 23. Nf1 Bf5 24. Bxf5 Qxf5 25. Ne3 Qe6 26. Kg2 Ne7 27. g4 f5 28. g5 Qg6 29. h4 f6 30. Qg3 h6 31. Kf2 fxg5 32. fxg5 Qf7 33. f4 hxg5 34. hxg5 Qg6 35. Qf3 Qb6 36. Qe2 Qe6 37. Nc2 Qxe2+ 38. Kxe2 Ng6 39. Kf3 Kf7 40. Ne1 Ne7 41. Ke3 Kg6 42. Nf3 Kh5 43. Ne5 Kh4 44. Kf3 Kh3 45. Nf7 Nc8 46. Nd8 Nd6 47. Ne6 Ne8 48. a4 a6 49. a5 Kh2 50. Kf2 Kh3 1-0

[Event "4NCL Online Division 5"]
[Site "online"]
[Date "2021.10.19"]
[EventDate "2021.10.19"]
[Round "5.104"]
[White "Lewis, Catherine"]
[WhiteElo "1030"]
[WhiteTeam "Downend 2"]
[Black "Flood, Raymond"]
[BlackElo "1623"]
[BlackTeam "Dundee City C"]
[Result "0-1"]
[PlyCount "88"]

1. e4 d6 2. d4 Nf6 3. Bd3 g6 4. h4 Bg7 5. Nc3 e5 6. Nge2 Nc6 7. Be3 Ng4 8. d5 Nxe3 9. fxe3 Ne7 10. Qd2 c5 11. Bb5+ Bd7 12. Bxd7+ Qxd7 13. O-O-O b5 14. Rdf1 b4 15. Nd1 a5 16. h5 a4 17. hxg6 hxg6 18. c3 bxc3 19. Ndxc3 c4 20. Rxh8+ Bxh8 21. Nb1 Qg4 22. Nec3 f5 23. Na3 fxe4 24. Nxc4 Nf5 25. Kb1 Bf6 26. Nb5 Ke7 27. Rh1 Rh8 28. Rxh8 Bxh8 29. a3 Bf6 30. Qa5 Qd1+ 31. Ka2 Qb3+ 32. Kb1 Qxc4 33. Qa7+ Kf8 34. Qb8+ Kg7 35. Nxd6 Qxd5 36. Ne8+ Kf7 37. Nxf6 Kxf6 38. Qh8+ Kg5 39. Qh3 Qd3+ 40. Ka2 Qxe3 41. Qh8 Qd4 42. Qh7 e3 43. Qh1 e2 44. Qe1 Qd1 0-1

[Event "4NCL Online Division 5"]
[Site "online"]
[Date "2021.10.19"]
[EventDate "2021.10.19"]
[Round "5.111"]
[White "Spargo, Philip J"]
[WhiteElo "1454"]
[WhiteTeam "Breage Bruisers"]
[Black "Tillett, Matthew"]
[BlackElo "1875"]
[BlackTeam "Streatham B"]
[Result "0-1"]
[PlyCount "92"]

1. e4 e5 2. Nf3 Nc6 3. d3 Nf6 4. Nc3 h6 5. Be2 d5 6. exd5 Nxd5 7. Bd2 Be6 8. a3 Qd7 9. b4 a6 10. Nxd5 Bxd5 11. Bc3 Bd6 12. Bb2 Nd4 13. c4 Bxf3 14. Bxf3 c6 15. c5 Bc7 16. O-O O-O 17. Bxd4 Qxd4 18. Qc2 Qf4 19. Qc1 Qxc1 20. Raxc1 Rad8 21. Rcd1 Rd4 22. Rd2 f5 23. g3 Rfd8 24. Be2 e4 25. Rfd1 a5 26. bxa5 Bxa5 27. Rb2 exd3 28. Bf3 d2 29. Rxb7 Re8 30. Kg2 Re1 31. Rbb1 Rc4 32. Bxc6 Rc1 33. Rb8+ Kh7 34. Rxd2 Bxd2 35. a4 Rxc5 36. Bb5 Ra1 37. Rd8 Ra2 38. Rf8 Be3 39. Kh3 Rxf2 40. Bd7 Kg6 41. Be8+ Kh7 42. Bd7 Rd5 43. Bc8 Re5 44. Bd7 Bc5 45. Rc8 Ree2 46. g4 Re3+ 0-1

[Event "4NCL Online Division 5"]
[Site "online"]
[Date "2021.10.19"]
[EventDate "2021.10.19"]
[Round "5.112"]
[White "Hanney, Matthew"]
[WhiteElo "1800"]
[WhiteTeam "Streatham B"]
[Black "Jones, Bryan"]
[BlackElo "1552"]
[BlackTeam "Breage Bruisers"]
[Result "1-0"]
[PlyCount "45"]

1. e4 e6 2. b3 d5 3. Bb2 dxe4 4. Nc3 Nf6 5. Qe2 Be7 6. g4 O-O 7. h4 Nc6 8. g5 Nd4 9. Qd1 Nd5 10. Nxe4 Nb4 11. Bxd4 Qxd4 12. f3 Nxc2+ 13. Qxc2 Qxa1+ 14. Kf2 Qd4+ 15. Kg2 f5 16. gxf6 Bxf6 17. Bd3 Be5 18. h5 Rd8 19. Bc4 Qb2 20. Qd1 Bf4 21. Ne2 Kh8 22. Nxf4 e5 23. Ng6+ 1-0

[Event "4NCL Online Division 5"]
[Site "online"]
[Date "2021.10.19"]
[EventDate "2021.10.19"]
[Round "5.113"]
[White "Brough, Christopher"]
[WhiteElo "1550"]
[WhiteTeam "Breage Bruisers"]
[Black "Grace, Matt"]
[BlackElo "1700"]
[BlackTeam "Streatham B"]
[Result "0-1"]
[PlyCount "84"]

1. e4 e5 2. Nf3 Nc6 3. Bc4 Nf6 4. Ng5 d5 5. exd5 Na5 6. Bb5+ c6 7. dxc6 bxc6 8. Qf3 Be7 9. Bxc6+ Nxc6 10. Qxc6+ Bd7 11. Qf3 O-O 12. d3 Qb6 13. Nc3 Bc6 14. Nge4 Nxe4 15. dxe4 f5 16. Qg3 fxe4 17. O-O Rad8 18. b3 Rf6 19. Qxe5 Bd6 20. Qh5 Bc5 21. Nd1 Rdf8 22. Be3 Rf5 23. Qe2 R8f6 24. Bxc5 Qxc5 25. Ne3 Rg5 26. Rad1 Qb6 27. Nc4 Qc7 28. Qe3 Rh6 29. g3 Rhg6 30. Rd2 h5 31. Rfd1 h4 32. Rd6 hxg3 33. fxg3 Kh7 34. Rxg6 Rxg6 35. Rf1 Qe7 36. Rf4 Bd7 37. Qxa7 Qe6 38. Kf2 Rf6 39. Rxf6 Qxf6+ 40. Kg2 Qf3+ 41. Kg1 Bh3 42. Ne3 Qe2 0-1

[Event "4NCL Online Division 5"]
[Site "online"]
[Date "2021.10.19"]
[EventDate "2021.10.19"]
[Round "5.114"]
[White "Chung, Michael"]
[WhiteElo "1643"]
[WhiteTeam "Streatham B"]
[Black "Renshaw, Ian"]
[BlackElo "1442"]
[BlackTeam "Breage Bruisers"]
[Result "1-0"]
[PlyCount "87"]

1. e4 e5 2. Nf3 Nc6 3. Bc4 Bc5 4. c3 Nf6 5. d3 h6 6. O-O O-O 7. Nbd2 d6 8. a4 a5 9. h3 Be6 10. Kh2 Bxc4 11. Nxc4 d5 12. exd5 Qxd5 13. Qc2 Rad8 14. Re1 Qxd3 15. Qxd3 Rxd3 16. Ncxe5 Bd6 17. Bf4 Nh5 18. Nxd3 Nxf4 19. Nxf4 Bxf4+ 20. g3 Bd6 21. Rad1 Rd8 22. Kg2 Kf8 23. Nd4 Nxd4 24. Rxd4 b6 25. f4 Rd7 26. Kf3 Re7 27. Rde4 Ke8 28. Rxe7+ Bxe7 29. b4 Kd7 30. bxa5 bxa5 31. Re5 c5 32. c4 Bd6 33. Rd5 g6 34. g4 f6 35. h4 Ke7 36. Ke4 Ke6 37. f5+ gxf5+ 38. gxf5+ Ke7 39. h5 Kd7 40. Rd1 Kc6 41. Rg1 Bf8 42. Rg8 Be7 43. Rg7 Kd6 44. Rg6 1-0

[Event "4NCL Online Division 5"]
[Site "online"]
[Date "2021.10.19"]
[EventDate "2021.10.19"]
[Round "5.121"]
[White "Dunn, Jeff"]
[WhiteElo "1355"]
[WhiteTeam "East Kilbride Rovers"]
[Black "Glover, John"]
[BlackElo "1678"]
[BlackTeam "War & Piece Nimrod"]
[Result "0-1"]
[PlyCount "92"]

1. d4 Nf6 2. Nf3 c5 3. e3 cxd4 4. exd4 d5 5. Bd3 Bg4 6. Nbd2 e6 7. O-O Bd6 8. c3 O-O 9. h3 Bh5 10. Qe1 Nc6 11. Ne5 Qc7 12. f4 Rac8 13. Ndf3 Bg6 14. Bxg6 hxg6 15. Be3 Ne4 16. Bf2 Rce8 17. Nd2 Nxd2 18. Qxd2 Nb8 19. g4 Nd7 20. g5 Nb6 21. Qe2 Nc4 22. h4 b5 23. Rac1 Rb8 24. h5 gxh5 25. Qxh5 g6 26. Qe2 Rb7 27. Bg3 Qa5 28. a3 Qa4 29. Nxg6 fxg6 30. Qxe6+ Kg7 31. Kg2 Re7 32. Qh3 Rh8 33. Bh4 Nd2 34. Rfe1 Ne4 35. Qg4 Qb3 36. Re2 Qc4 37. Rce1 Rf8 38. Bg3 Rfe8 39. Qh4 Rh8 40. Qg4 Qc8 41. Qxc8 Rxc8 42. Kf3 Rf8 43. Rf1 Nxg5+ 44. Kf2 Rxe2+ 45. Kxe2 Ne4 46. Bh2 Rh8 0-1

[Event "4NCL Online Division 5"]
[Site "online"]
[Date "2021.10.19"]
[EventDate "2021.10.19"]
[Round "5.122"]
[White "Dray-Pearce, Tristan"]
[WhiteElo "1640"]
[WhiteTeam "War & Piece Nimrod"]
[Black "Peakman, Jonlee"]
[BlackElo "1261"]
[BlackTeam "East Kilbride Rovers"]
[Result "1-0"]
[PlyCount "33"]

1. d4 Nf6 2. Bf4 d5 3. e3 Bf5 4. c4 e6 5. Nc3 Bb4 6. Qb3 Nc6 7. Nf3 O-O 8. Nh4 Be4 9. f3 dxc4 10. Bxc4 Bd5 11. Bg5 Bxc4 12. Qxc4 h6 13. Bxf6 Qxf6 14. g3 g5 15. Ng2 Qxf3 16. Qe2 Qxe3 17. Qxe3 1-0

[Event "4NCL Online Division 5"]
[Site "online"]
[Date "2021.10.19"]
[EventDate "2021.10.19"]
[Round "5.124"]
[White "Chapman, Chas"]
[WhiteElo "1561"]
[WhiteTeam "War & Piece Nimrod"]
[Black "Kean, Gary"]
[BlackElo "800"]
[BlackTeam "East Kilbride Rovers"]
[Result "1-0"]
[PlyCount "123"]

1. e4 c6 2. d4 d5 3. exd5 cxd5 4. c3 e6 5. Bf4 Bd6 6. Bxd6 Qxd6 7. Nf3 f6 8. Bd3 Ne7 9. O-O O-O 10. Qc2 g6 11. Nbd2 b6 12. Rfe1 Ba6 13. Re2 Bxd3 14. Qxd3 Nbc6 15. Rae1 Rae8 16. Rxe6 Qd7 17. Qe3 Nf5 18. Qe2 Nd6 19. Rxe8 Nxe8 20. Qe6+ Qxe6 21. Rxe6 Nd8 22. Re2 a5 23. a3 Nd6 24. a4 Re8 25. Rxe8+ Nxe8 26. b4 axb4 27. cxb4 Nc6 28. b5 Na7 29. Kf1 Nd6 30. Ke2 Nc4 31. Nxc4 dxc4 32. Kd2 Nc8 33. Kc3 Nd6 34. Nd2 Kf7 35. Nxc4 Nxc4 36. Kxc4 Ke7 37. Kd5 Kd7 38. a5 bxa5 39. Kc5 a4 40. Kb4 Kc7 41. Kxa4 Kb6 42. d5 Kc5 43. Ka5 h5 44. Ka6 Kxd5 45. b6 Kd4 46. b7 Kd3 47. b8=Q Ke2 48. Qb2+ Kd3 49. Qxf6 Ke2 50. Qxg6 Kxf2 51. Qxh5 Kxg2 52. Kb5 Kf2 53. Kc4 Ke3 54. Qe5+ Kf3 55. h4 Kg4 56. h5 Kf3 57. h6 Kf2 58. h7 Kg2 59. h8=Q Kf2 60. Qhf6+ Kg2 61. Qeg5+ Kh2 62. Qfh6# 1-0

[Event "4NCL Online Division 5"]
[Site "online"]
[Date "2021.10.19"]
[EventDate "2021.10.19"]
[Round "5.131"]
[White "Jenkins, Simon"]
[WhiteElo "1513"]
[WhiteTeam "Lerryn Clowns"]
[Black "Harrison, Peter K"]
[BlackElo "1659"]
[BlackTeam "Devana Corieltauvorum"]
[Result "1-0"]
[PlyCount "77"]

1. e4 c6 2. Bc4 d5 3. Bb3 e6 4. Nc3 d4 5. Nce2 c5 6. d3 Nd7 7. f4 g6 8. Nf3 Bg7 9. O-O Ngf6 10. Qe1 b5 11. a3 Bb7 12. Ng3 Qc7 13. Bd2 O-O 14. h3 Nb6 15. e5 Nfd5 16. Ne4 c4 17. Ba2 c3 18. bxc3 dxc3 19. Be3 Nxe3 20. Qxe3 Bxe4 21. Qxe4 Rad8 22. Rab1 a6 23. Qe1 Rfe8 24. Ng5 Qc5+ 25. Kh1 Rc8 26. Qh4 h6 27. Ne4 Qxa3 28. Bb3 Red8 29. Ra1 Qf8 30. Rxa6 Nd5 31. Bxd5 Rxd5 32. Nd6 Ra8 33. Rfa1 Rxa6 34. Rxa6 b4 35. Qe1 Qb8 36. Qa1 Bf8 37. Ra8 Qb6 38. Qa4 Rxd6 39. Qe8 1-0

[Event "4NCL Online Division 5"]
[Site "online"]
[Date "2021.10.19"]
[EventDate "2021.10.19"]
[Round "5.132"]
[White "Wylie, Steve"]
[WhiteElo "1676"]
[WhiteTeam "Devana Corieltauvorum"]
[Black "Childs, Barry B"]
[BlackElo "1384"]
[BlackTeam "Lerryn Clowns"]
[Result "0-1"]
[PlyCount "52"]

1. d4 Nf6 2. Bf4 d6 3. e3 g6 4. Nf3 Bg7 5. Nbd2 O-O 6. c3 Bg4 7. h3 Bxf3 8. Nxf3 Nbd7 9. Qb3 b6 10. Bc4 e6 11. Ng5 Nh5 12. Nxf7 Kxf7 13. Bxe6+ Ke8 14. O-O-O Nxf4 15. exf4 Rxf4 16. Rde1 Kf8 17. g3 Rxf2 18. Qd5 Bh6+ 19. Kb1 Rb8 20. Qc6 Qg5 21. Qxd7 Qd2 22. Qb5 a6 23. Qb3 Kg7 24. Rd1 Qe2 25. Rde1 Qd3+ 26. Ka1 Rbf8 0-1

[Event "4NCL Online Division 5"]
[Site "online"]
[Date "2021.10.19"]
[EventDate "2021.10.19"]
[Round "5.133"]
[White "Reid, Mark"]
[WhiteElo "1455"]
[WhiteTeam "Lerryn Clowns"]
[Black "Gray, Paul"]
[BlackElo "1588"]
[BlackTeam "Devana Corieltauvorum"]
[Result "1-0"]
[PlyCount "61"]

1. d4 d6 2. c4 Nf6 3. Nc3 c6 4. Nf3 h6 5. h3 Qc7 6. Bf4 Bf5 7. e3 Nbd7 8. Bd3 Bxd3 9. Qxd3 e5 10. dxe5 dxe5 11. Bg3 Bb4 12. O-O O-O-O 13. Rfd1 Bxc3 14. bxc3 Rhe8 15. Qf5 g6 16. Qc2 Nh5 17. Bh2 Rg8 18. Qa4 Qb8 19. Rxd7 Kxd7 20. Nxe5+ Ke6 21. Nxf7 Qa8 22. Nxd8+ Rxd8 23. Rd1 a6 24. c5 Kf7 25. Qc4+ Kg7 26. Be5+ Kf8 27. Rxd8+ Qxd8 28. Bd6+ Kg7 29. Be5+ Kf8 30. Qd4 Qe8 31. g4 1-0

[Event "4NCL Online Division 5"]
[Site "online"]
[Date "2021.10.19"]
[EventDate "2021.10.19"]
[Round "5.134"]
[White "Johnson, Andy G"]
[WhiteElo "1654"]
[WhiteTeam "Devana Corieltauvorum"]
[Black "Hendin, Richard"]
[BlackElo "1314"]
[BlackTeam "Lerryn Clowns"]
[Result "1-0"]
[PlyCount "145"]

1. d4 g6 2. e3 Bg7 3. Bd3 d6 4. Nf3 c5 5. c3 a6 6. Nbd2 b5 7. b3 Nd7 8. Bb2 Ngf6 9. Qc2 Nb6 10. Ne4 Qc7 11. Nxf6+ Bxf6 12. Rc1 O-O 13. c4 b4 14. d5 Bxb2 15. Qxb2 Nd7 16. e4 Nf6 17. e5 Nh5 18. g3 Re8 19. Ng5 Ng7 20. f4 Nf5 21. e6 fxe6 22. dxe6 Nd4 23. Qg2 Kg7 24. Qxa8 Nc6 25. Be4 Bd7 26. Qxa6 Nb8 27. Qb7 Qxb7 28. Bxb7 Bc6 29. Bxc6 Nxc6 30. Rd1 Ra8 31. Rd2 Nd4 32. Kf2 h6 33. Ne4 Rf8 34. Rxd4 cxd4 35. Re1 Rf5 36. Nxd6 Rh5 37. h4 Kf8 38. Nf7 Kg7 39. Ne5 Rf5 40. Nc6 g5 41. Nxe7 Ra5 42. Nd5 Rxa2+ 43. Kf3 d3 44. Rd1 d2 45. f5 Rc2 46. f6+ Kf8 47. Ke2 Rc1 48. Rxd2 gxh4 49. Nf4 Kg8 50. Rd8+ Kh7 51. Rd7+ Kg8 52. f7+ Kf8 53. Ng6+ Kg7 54. f8=Q+ Kxg6 55. Qg7+ Kf5 56. Qf7+ Kg4 57. Qf4+ Kh3 58. Qxc1 hxg3 59. Rd3 h5 60. Qh1+ Kg4 61. e7 h4 62. e8=Q h3 63. Qhe4+ Kg5 64. Rxg3+ Kh6 65. Rxh3+ Kg5 66. Qb5+ Kf6 67. c5 Kg5 68. c6+ Kf6 69. c7 Kf7 70. Qd7+ Kf6 71. Qdf5+ Kg7 72. Qe7+ Kg8 73. c8=Q# 1-0

[Event "4NCL Online Division 5"]
[Site "online"]
[Date "2021.10.19"]
[EventDate "2021.10.19"]
[Round "5.141"]
[White "Hackney, Leyton"]
[WhiteElo "1597"]
[WhiteTeam "Dundee City D"]
[Black "Doubleday, Peter"]
[BlackElo "1402"]
[BlackTeam "Manaccan Maulers"]
[Result "1-0"]
[PlyCount "51"]

1. c4 Nf6 2. Nc3 c5 3. Nf3 d6 4. d4 cxd4 5. Nxd4 Nc6 6. g3 g6 7. Bg2 Bd7 8. O-O Bg7 9. e4 Qc8 10. Re1 O-O 11. Nd5 Nxd5 12. Nxc6 bxc6 13. exd5 Re8 14. Qc2 c5 15. Bg5 f6 16. Bd2 Rb8 17. Bc3 Bf5 18. Be4 Bxe4 19. Rxe4 f5 20. Re6 Bxc3 21. Qxc3 Qb7 22. b3 Qc7 23. Qe3 Kf7 24. Re1 Rb7 25. Qh6 Rh8 26. Rxg6 1-0

[Event "4NCL Online Division 5"]
[Site "online"]
[Date "2021.10.19"]
[EventDate "2021.10.19"]
[Round "5.142"]
[White "Jenkins-Jones, Gethin"]
[WhiteElo "1397"]
[WhiteTeam "Manaccan Maulers"]
[Black "Vijayakumar, Rishi"]
[BlackElo "1497"]
[BlackTeam "Dundee City D"]
[Result "0-1"]
[PlyCount "52"]

1. e4 e6 2. d4 d5 3. e5 c5 4. Be3 Nc6 5. Nf3 Qb6 6. b3 Bd7 7. Be2 cxd4 8. Bxd4 Nxd4 9. Nxd4 Ne7 10. O-O Ng6 11. Nf3 Be7 12. Nbd2 Qc7 13. c4 O-O 14. cxd5 exd5 15. Rc1 Qb6 16. Re1 Bc5 17. Rf1 Ba3 18. Rc3 Bf5 19. Nb1 Bb2 20. Qxd5 Bxb1 21. Rxb1 Bxc3 22. Bc4 Rad8 23. Qe4 Qc6 24. Qf5 Qc5 25. Rc1 Bxe5 26. h4 Bh2+ 0-1

[Event "4NCL Online Division 5"]
[Site "online"]
[Date "2021.10.19"]
[EventDate "2021.10.19"]
[Round "5.143"]
[White "Robertson, John"]
[WhiteElo "1562"]
[WhiteTeam "Dundee City D"]
[Black "Scully, Pat"]
[BlackElo "1380"]
[BlackTeam "Manaccan Maulers"]
[Result "1-0"]
[PlyCount "95"]

1. d4 d5 2. Bf4 Nc6 3. c3 Nf6 4. Nd2 e6 5. f3 Bd7 6. Bg3 Bd6 7. Bf2 O-O 8. e4 Re8 9. e5 Bxe5 10. dxe5 Nxe5 11. Qc2 a5 12. Nh3 h6 13. Be2 b5 14. O-O Nc4 15. Nxc4 bxc4 16. b3 e5 17. bxc4 Bxh3 18. gxh3 d4 19. cxd4 exd4 20. Rad1 Nh5 21. Rxd4 Qg5+ 22. Rg4 Qd8 23. Rd1 Qe7 24. Bf1 Rad8 25. Rxd8 Rxd8 26. Qc1 f5 27. Rg2 Nf4 28. Qxf4 Rd1 29. Qxf5 Qe2 30. Rxg7+ Kxg7 31. Qg4+ Kh7 32. Qe4+ Qxe4 33. fxe4 Kg6 34. Kg2 Kg5 35. Kf3 Rxf1 36. Ke3 Ra1 37. Kd4 Rxa2 38. Bg3 a4 39. Kc3 Re2 40. Kb4 Rxe4 41. Bxc7 Rh4 42. Bd8+ Kh5 43. Bxh4 Kxh4 44. c5 Kg5 45. c6 Kf6 46. c7 a3 47. Kxa3 Ke7 48. c8=Q 1-0

[Event "4NCL Online Division 5"]
[Site "online"]
[Date "2021.10.19"]
[EventDate "2021.10.19"]
[Round "5.144"]
[White "Brown, Hugh"]
[WhiteElo "1305"]
[WhiteTeam "Manaccan Maulers"]
[Black "Sallai, Peter"]
[BlackElo "1435"]
[BlackTeam "Dundee City D"]
[Result "1/2-1/2"]
[PlyCount "131"]

1. Nf3 d5 2. d4 Bf5 3. g3 e6 4. Bg2 Nd7 5. O-O Ngf6 6. Bg5 Be7 7. Bxf6 Nxf6 8. Nbd2 c5 9. dxc5 Bxc5 10. Nb3 Bb6 11. Nfd4 Bg6 12. e3 Rc8 13. c3 O-O 14. a4 a6 15. a5 Ba7 16. Nd2 Qe7 17. Ne2 h6 18. Nf4 Bf5 19. Bh3 Bh7 20. Nh5 Nxh5 21. Qxh5 Bg6 22. Qf3 Qd7 23. Rfc1 Rc7 24. b3 Rfc8 25. c4 Bd3 26. Qf4 dxc4 27. bxc4 Bb8 28. Qd4 Qxd4 29. exd4 Bxc4 30. Nxc4 Rxc4 31. Rxc4 Rxc4 32. Rd1 Ra4 33. Bg2 Rxa5 34. Bxb7 Ra2 35. d5 exd5 36. Rxd5 Ra1+ 37. Kg2 Kh7 38. Rd7 f5 39. Kh3 a5 40. Rd5 Kg6 41. f4 Ra3 42. Bc8 Bxf4 43. Bxf5+ Kf6 44. Rd3 Bd6 45. Rxd6+ Kxf5 46. Rd5+ Ke6 47. Rb5 a4 48. Ra5 Ra1 49. Kg2 a3 50. Kf2 a2 51. Kg2 Kd6 52. h3 Kc6 53. Kh2 Kb6 54. Ra3 Kc5 55. Kg2 Kb4 56. Ra7 Kb3 57. Rb7+ Ka4 58. Ra7+ Kb5 59. Kh2 g6 60. Kg2 Kc4 61. Ra3 Kd4 62. Kh2 g5 63. Kg2 h5 64. Kh2 Kc4 65. Kg2 Kb4 66. Ra8 1/2-1/2

[Event "4NCL Online Division 5"]
[Site "online"]
[Date "2021.10.19"]
[EventDate "2021.10.19"]
[Round "5.152"]
[White "Jones, Andrew"]
[WhiteElo "1505"]
[WhiteTeam "Shropshire and Friends 6"]
[Black "Badacsonyi, Stanley"]
[BlackElo "1605"]
[BlackTeam "MHJ Bishops"]
[Result "0-1"]
[PlyCount "22"]

1. e4 d5 2. exd5 Qxd5 3. Nf3 Nf6 4. Be2 c6 5. O-O Bf5 6. c4 Qa5 7. d4 e6 8. Nc3 Nbd7 9. Bd2 Qc7 10. Rc1 Be7 11. Bd3 Bxd3 0-1